| 000 | 00764nam a2200241Ia 4500 | ||
|---|---|---|---|
| 001 | dia_4218 | ||
| 003 | CHAP | ||
| 005 | 20251029170054.0 | ||
| 008 | 220117s1990 xx 000 0 und d | ||
| 010 | _a174859 | ||
| 040 |
_cCHAP _amxchpua _erda |
||
| 090 | _aFOLLETO 2720 | ||
| 100 |
_aVásquez, Javier Antonio _9155747 |
||
| 245 |
_aGuía para cultivar trigo en la sierra de Sonora / _c Javier Antonio Vásquez |
||
| 260 |
_aMéxico : _b SARH, Instituto nacional de investigaciones forestales y agropecuarias, _c1990 |
||
| 300 | _a8 p. | ||
| 500 | _aD. (Folleto para productores, 7) | ||
| 650 |
_aTrigo _9114954 |
||
| 901 | _aFOLLETO 2720 | ||
| 902 | _aM | ||
| 905 | _a0000001990 mx 0000000000spa00 | ||
| 942 |
_cFOLL _2local |
||
| 999 |
_c174859 _d174859 |
||